| 000 | 00641nam a22002177a 4500 | ||
|---|---|---|---|
| 005 | 20251108173138.0 | ||
| 008 | 250721s2005 xx 000 0 ara d | ||
| 082 | 1 | 4 | _a218.2/ شاو |
| 100 | 1 | _aالشاوي، محمد سمير | |
| 245 | 1 | 0 | _aالأخلاق المحمدية / |
| 264 | 1 |
_aدمشق : _bدار العصماء، _c2005. |
|
| 300 | _a288ص | ||
| 650 | 1 | 7 | _aالآداب الإسلامية |
| 650 | 1 | 7 | _aالأخلاق |
| 650 | 1 | 7 | _aالفضائل |
| 700 | 1 |
_aكفتارو، أحمد _eمقدم |
|
| 700 | 1 | _aديب، محمد رجب | |
| 700 | 1 | _aفاطمة، محمد خير | |
| 942 |
_2ddc _cBK |
||
| 999 |
_c97110 _d97110 |
||